[Event "Landesliga Sued 0910"]
[Site "Bayern"]
[Date "2010.02.28"]
[Round "7.3"]
[White "Taeger, Winfried"]
[Black "Eizenhammer, Peter"]
[Result "1-0"]
[WhiteElo "2169"]
[BlackElo "2054"]
[PlyCount "101"]
[EventDate "2009.10.18"]
[EventType "team-tourn"]
[EventRounds "9"]
[EventCountry "GER"]
[SourceTitle "EXT 2011"]
[Source "ChessBase"]
[SourceDate "2010.11.26"]
[SourceVersion "1"]
[SourceVersionDate "2010.11.26"]
[SourceQuality "1"]
[WhiteTeam "Tegernsee"]
[BlackTeam "Passau II"]
[WhiteTeamCountry "GER"]
[BlackTeamCountry "GER"]

1. e4 d6 2. d4 Nf6 3. Nc3 Nbd7 4. Nf3 e5 5. Bc4 Be7 6. 0-0 0-0 7. a4 a5 8. Ba2 c6 9. h3 Re8 10. Ng5 Rf8 11. Be3 h6 12. Nf3 Re8 13. Nh4 exd4 14. Qxd4 d5 15. exd5 Nxd5 16. Nxd5 Bxh4 17. Nc7 Bf6 18. Qf4 g5 19. Qd6 Qxc7 20. Qxc7 Be5 21. Qxc8 Raxc8 22. Rad1 Nf6 23. c3 b5 24. axb5 cxb5 25. Rd3 b4 26. f4 Bb8 27. Bd4 Nh5 28. fxg5 Nf4 29. Rxf4 Bxf4 30. g6 Re2 31. gxf7+ Kf8 32. Bc5+ Kg7 33. f8Q+ Rxf8 34. Bxf8+ Kxf8 35. Rf3 Rxb2 36. Rxf4+ Kg7 37. Rf2 bxc3 38. Rxb2 cxb2 39. Kf2 Kf6 40. Ke3 Ke5 41. g3 a4 42. Kd3 a3 43. Ke3 Kf5 44. Kd4 Kg5 45. Bb1 Kf6 46. Kc3 Ke5 47. Kb3 Kd4 48. Kxa3 Ke3 49. Kxb2 Kf3 50. g4 Kg3 51. Bf5 1-0

[Event "Landesliga Sued 0809"]
[Site "Bayern"]
[Date "2009.03.15"]
[Round "8.2"]
[White "De Francesco, Klaus"]
[Black "Taeger, Winfried"]
[Result "1-0"]
[WhiteElo "2241"]
[BlackElo "2232"]
[PlyCount "77"]
[EventDate "2008.10.05"]
[EventType "team-tourn"]
[EventRounds "9"]
[EventCountry "GER"]
[SourceTitle "EXT 2020"]
[Source "ChessBase"]
[SourceDate "2019.10.17"]
[SourceVersion "1"]
[SourceVersionDate "2019.10.17"]
[SourceQuality "1"]
[WhiteTeam "Weilheim"]
[BlackTeam "Tegernsee II"]
[WhiteTeamCountry "GER"]
[BlackTeamCountry "GER"]

1. d4 Nf6 2. c4 b6 3. Nc3 Bb7 4. Qc2 e6 5. Bg5 h6 6. Bh4 Bb4 7. f3 d5 8. e3 c5 9. a3 Bxc3+ 10. bxc3 Nbd7 11. cxd5 exd5 12. Bd3 Qe7 13. Qd2 0-0 14. Ne2 Rfe8 15. Bf2 Nb8 16. 0-0 Nc6 17. Ng3 Na5 18. Nf5 Qf8 19. Qb2 Re6 20. Rae1 Rc8 21. Ng3 cxd4 22. cxd4 Nc4 23. Qa2 Nd6 24. Rc1 Ree8 25. Nf5 g6 26. Nxd6 Qxd6 27. Qb2 Rxc1 28. Rxc1 Qe6 29. Rc7 Re7 30. Qc1 Kg7 31. Rxe7 Qxe7 32. Bh4 g5 33. Bg3 Ne8 34. h4 Nd6 35. hxg5 hxg5 36. Kf2 Nc4 37. Bxc4 dxc4 38. Qxc4 Qxa3 39. Be5+ 1-0

[Event "Landesliga Sued 0809"]
[Site "Bayern"]
[Date "2009.01.18"]
[Round "5.3"]
[White "Taeger, Winfried"]
[Black "Wolf, Armin"]
[Result "1-0"]
[WhiteElo "2232"]
[BlackElo "2131"]
[PlyCount "80"]
[EventDate "2008.10.05"]
[EventType "team-tourn"]
[EventRounds "9"]
[EventCountry "GER"]
[SourceTitle "EXT 2020"]
[Source "ChessBase"]
[SourceDate "2019.10.17"]
[SourceVersion "1"]
[SourceVersionDate "2019.10.17"]
[SourceQuality "1"]
[WhiteTeam "Tegernsee II"]
[BlackTeam "Haunstetten"]
[WhiteTeamCountry "GER"]
[BlackTeamCountry "GER"]

1. e4 g6 2. d4 Bg7 3. Nf3 d6 4. Be2 Nf6 5. Nc3 e6 6. 0-0 a6 7. a4 b6 8. Re1 Bb7 9. Bf1 h6 10. h3 Nbd7 11. Bf4 g5 12. Bh2 Nh7 13. Qd3 0-0 14. Rad1 Kh8 15. e5 Bxf3 16. Qxf3 d5 17. Qg4 Re8 18. f4 f5 19. exf6 Ndxf6 20. Qf3 Qd7 21. Bd3 c6 22. fxg5 Nxg5 23. Qf2 b5 24. Be5 Rf8 25. Qh4 Kg8 26. Rf1 b4 27. Ne2 Nfe4 28. Bxg7 Qxg7 29. Qg4 Nf6 30. Qg3 Nfe4 31. Qe3 Nf6 32. Nf4 Rfe8 33. h4 Nge4 34. Bxe4 Nxe4 35. Rf3 Rf8 36. Rdf1 Rae8 37. Nd3 Rxf3 38. Rxf3 a5 39. Nc5 e5 40. Nxe4 dxe4 1-0

[Event "Landesliga Sued 0809"]
[Site "Bayern"]
[Date "2008.12.14"]
[Round "4.2"]
[White "Taeger, Winfried"]
[Black "Lickleder, Andreas"]
[Result "1-0"]
[WhiteElo "2232"]
[BlackElo "2199"]
[PlyCount "75"]
[EventDate "2008.10.05"]
[EventType "team-tourn"]
[EventRounds "9"]
[EventCountry "GER"]
[SourceTitle "EXT 2020"]
[Source "ChessBase"]
[SourceDate "2019.10.17"]
[SourceVersion "1"]
[SourceVersionDate "2019.10.17"]
[SourceQuality "1"]
[WhiteTeam "Tegernsee II"]
[BlackTeam "Bayern Muenchen III"]
[WhiteTeamCountry "GER"]
[BlackTeamCountry "GER"]

1. e4 c5 2. Nf3 d6 3. d4 cxd4 4. Nxd4 Nf6 5. Nc3 a6 6. Be2 e5 7. Nb3 Be7 8. 0-0 Be6 9. f4 Qc7 10. a4 Nbd7 11. a5 0-0 12. Kh1 Rac8 13. Be3 exf4 14. Bxf4 Ne5 15. Nd4 Rfd8 16. Qd2 Nfd7 17. Nf5 Bf8 18. Be3 g6 19. Bh6 f6 20. Bxf8 Nxf8 21. Nd4 Qe7 22. Nxe6 Qxe6 23. Nd5 Nfd7 24. Ra3 Rf8 25. Rh3 Rf7 26. b3 Rcf8 27. Qh6 Rg7 28. Qh4 Rgf7 29. Nf4 Qe7 30. Bc4 Nxc4 31. Nxg6 Qe6 32. Nxf8 Kxf8 33. bxc4 Qxc4 34. Rhf3 Qxc2 35. Qh6+ Ke7 36. Rc1 Qa4 37. Qd2 Nc5 38. e5 1-0

[Event "Landesliga Sued 0809"]
[Site "Bayern"]
[Date "2008.10.05"]
[Round "1.3"]
[White "Taeger, Winfried"]
[Black "Bensch, Patrick"]
[Result "1/2-1/2"]
[WhiteElo "2232"]
[BlackElo "2154"]
[PlyCount "118"]
[EventDate "2008.10.05"]
[EventType "team-tourn"]
[EventRounds "9"]
[EventCountry "GER"]
[SourceTitle "EXT 2020"]
[Source "ChessBase"]
[SourceDate "2019.10.17"]
[SourceVersion "1"]
[SourceVersionDate "2019.10.17"]
[SourceQuality "1"]
[WhiteTeam "Tegernsee II"]
[BlackTeam "Rottal"]
[WhiteTeamCountry "GER"]
[BlackTeamCountry "GER"]

1. d4 Nf6 2. Nf3 g6 3. c4 Bg7 4. Nc3 d5 5. cxd5 Nxd5 6. Bd2 0-0 7. Rc1 Nb6 8. Bf4 c6 9. e3 Bg4 10. Be2 N8d7 11. 0-0 Bxf3 12. Bxf3 e5 13. dxe5 Nxe5 14. Be2 Nbc4 15. Qc2 Nd6 16. Rfd1 Qe7 17. Na4 Rfd8 18. h3 Rac8 19. b4 b5 20. Nc5 Ndc4 21. Qe4 Nd2 22. Qc2 Nec4 23. Nd3 Ne4 24. Ne5 Nxe5 25. Qxe4 Rxd1+ 26. Rxd1 c5 27. bxc5 Qxc5 28. Qb7 Nc4 29. Rd5 Qf8 30. Qxb5 Nb6 31. Rd1 h5 32. Bd6 Qe8 33. Qxe8+ Rxe8 34. Bc5 Rc8 35. Bb4 Rc2 36. Rd2 Rc1+ 37. Kh2 Be5+ 38. f4 Bf6 39. g4 hxg4 40. hxg4 Nc4 41. Bxc4 Rxc4 42. a3 g5 43. Kg3 gxf4+ 44. exf4 Bd4 45. Kf3 Bb6 46. Bd6 f6 47. Re2 Rd4 48. Re8+ Kf7 49. Re7+ Kf8 50. Re6+ Kf7 51. f5 Rd3+ 52. Ke2 Rd4 53. Bb4 Rxg4 54. Bc3 Rf4 55. Rxf6+ Ke7 56. Re6+ Kd7 57. Re5 Bc7 58. Rc5 Bb6 59. Rb5 Kc6 1/2-1/2

[Event "Landesliga Sued 0708"]
[Site "Bayern"]
[Date "2008.02.17"]
[Round "6.3"]
[White "Taeger, Winfried"]
[Black "De Francesco, Klaus"]
[Result "0-1"]
[WhiteElo "2299"]
[BlackElo "2256"]
[PlyCount "92"]
[EventDate "2007.10.21"]
[EventType "team-tourn"]
[EventRounds "9"]
[EventCountry "GER"]
[SourceTitle "EXT 2009"]
[Source "ChessBase"]
[SourceDate "2008.11.26"]
[SourceVersion "1"]
[SourceVersionDate "2008.11.26"]
[SourceQuality "1"]
[WhiteTeam "Tegernsee II"]
[BlackTeam "Weilheim"]
[WhiteTeamCountry "GER"]
[BlackTeamCountry "GER"]

1. e4 e6 2. d4 d5 3. e5 c5 4. dxc5 Nc6 5. Nf3 Bxc5 6. Bd3 Nge7 7. Bf4 Qb6 8. 0-0 Bd7 9. Nbd2 Ng6 10. Bg3 a5 11. c4 Nb4 12. Be2 Bc6 13. a3 Na6 14. cxd5 exd5 15. Qc2 0-0 16. h4 Rac8 17. h5 Ne7 18. Ng5 g6 19. Bg4 Bb5 20. Bxc8 Bxf1 21. Bg4 Bb5 22. hxg6 Qxg6 23. Qxg6+ hxg6 24. Nb3 Bb6 25. Rd1 a4 26. Nd4 Bc4 27. Ngf3 Nc5 28. Bh4 Nc6 29. Nxc6 bxc6 30. Nd2 Bb5 31. Bf6 Bd8 32. Rc1 Nd3 33. Rc3 Bxf6 34. exf6 Nxb2 35. Nf3 Nc4 36. Nd4 Rd8 37. Bd1 Rd6 38. Rf3 Nd2 39. Rc3 Bc4 40. Bxa4 c5 41. Nc6 Ne4 42. Rc1 Nxf6 43. f3 Kg7 44. Kf2 Nd7 45. Nd8 Ne5 46. Nb7 Nd3+ 0-1

[Event "Landesliga Sued 0708"]
[Site "Bayern"]
[Date "2008.01.20"]
[Round "5.3"]
[White "Taeger, Winfried"]
[Black "Lederle, Vitus"]
[Result "1/2-1/2"]
[WhiteElo "2299"]
[BlackElo "2062"]
[PlyCount "87"]
[EventDate "2007.10.21"]
[EventType "team-tourn"]
[EventRounds "9"]
[EventCountry "GER"]
[SourceTitle "EXT 2009"]
[Source "ChessBase"]
[SourceDate "2008.11.26"]
[SourceVersion "1"]
[SourceVersionDate "2008.11.26"]
[SourceQuality "1"]
[WhiteTeam "Tegernsee II"]
[BlackTeam "Dillingen"]
[WhiteTeamCountry "GER"]
[BlackTeamCountry "GER"]

1. Nf3 c5 2. e4 e6 3. Nc3 a6 4. g3 b5 5. d4 cxd4 6. Nxd4 Bb7 7. Bg2 Nf6 8. a3 Qc7 9. 0-0 d6 10. Re1 Be7 11. f4 0-0 12. e5 dxe5 13. fxe5 Nfd7 14. Bf4 Bxg2 15. Kxg2 Nc6 16. Nf3 Rfd8 17. Qe2 Qb7 18. Ne4 Nc5 19. Nxc5 Bxc5 20. Qe4 h6 21. h4 Rd5 22. Kh3 Rad8 23. Re2 Qd7 24. c4 bxc4 25. Qxc4 a5 26. Rc1 Ne7 27. Rd2 Bb6 28. Qe4 Qb5 29. a4 Qd7 30. b3 Qa7 31. h5 Nf5 32. Rxd5 Rxd5 33. Rc8+ Rd8 34. Rxd8+ Bxd8 35. g4 Ne7 36. Nd4 Nd5 37. Bg3 Bg5 38. Nf3 Be7 39. Be1 Qb6 40. Nd4 Bb4 41. Bg3 Be7 42. Qd3 Bg5 43. Nf3 Be7 44. Nd4 1/2-1/2

[Event "Landesliga Sued 0708"]
[Site "Bayern"]
[Date "2007.11.25"]
[Round "3.2"]
[White "Rajic, Ivica"]
[Black "Taeger, Winfried"]
[Result "0-1"]
[WhiteElo "2078"]
[BlackElo "2299"]
[PlyCount "62"]
[EventDate "2007.10.21"]
[EventType "team-tourn"]
[EventRounds "9"]
[EventCountry "GER"]
[SourceTitle "EXT 2009"]
[Source "ChessBase"]
[SourceDate "2008.11.26"]
[SourceVersion "1"]
[SourceVersionDate "2008.11.26"]
[SourceQuality "1"]
[WhiteTeam "Bayern Muenchen III"]
[BlackTeam "Tegernsee II"]
[WhiteTeamCountry "GER"]
[BlackTeamCountry "GER"]

1. d4 Nf6 2. Nf3 e6 3. Bg5 h6 4. Bh4 c5 5. e3 Qb6 6. b3 cxd4 7. Bxf6 gxf6 8. exd4 Qc7 9. a3 d5 10. Bb5+ Bd7 11. Bxd7+ Nxd7 12. 0-0 0-0-0 13. Nbd2 Kb8 14. c4 dxc4 15. bxc4 e5 16. d5 Nc5 17. Qe2 Qd7 18. Nh4 h5 19. g3 Bh6 20. Ne4 Nxe4 21. Qxe4 Qg4 22. Qc2 Bg5 23. Nf5 e4 24. Nd4 h4 25. Rab1 hxg3 26. f4 exf3 27. Nxf3 Be3+ 28. Kh1 Rxh2+ 29. Nxh2 Rh8 30. Rb3 Rxh2+ 31. Qxh2 Qe4+ 0-1

[Event "Regionalliga SO 0607"]
[Site "Bayern"]
[Date "2007.04.01"]
[Round "8.2"]
[White "Taeger, Winfried"]
[Black "Brem, Stephan"]
[Result "1-0"]
[WhiteElo "2262"]
[BlackElo "2068"]
[PlyCount "72"]
[EventDate "2006.10.15"]
[EventType "team-tourn"]
[EventRounds "9"]
[EventCountry "GER"]
[SourceTitle "EXT 2008"]
[Source "ChessBase"]
[SourceDate "2007.11.25"]
[SourceVersion "1"]
[SourceVersionDate "2007.11.25"]
[SourceQuality "1"]
[WhiteTeam "Tegernsee II"]
[BlackTeam "Ebersberg"]
[WhiteTeamCountry "GER"]
[BlackTeamCountry "GER"]

1. c4 f5 2. Nc3 Nf6 3. g3 g6 4. Bg2 Bg7 5. Nf3 0-0 6. 0-0 d6 7. d3 e5 8. Rb1 a5 9. a3 h6 10. e4 c6 11. Nh4 Kh7 12. exf5 gxf5 13. d4 exd4 14. Qxd4 Ne4 15. Qd3 Nxc3 16. bxc3 Na6 17. Rd1 Nc5 18. Qxd6 Qxd6 19. Rxd6 Re8 20. Be3 Na4 21. Rg6 Re7 22. Rd1 Nb2 23. Rd8 Nxc4 24. Bf4 Ne5 25. Bxe5 Rxe5 26. f4 Rc5 27. Re8 Bxc3 28. Re7+ Kh8 29. Rxh6+ Kg8 30. Rd6 Be6 31. Rexe6 Rb8 32. Bh3 b5 33. Bxf5 b4 34. Rd7 Rxf5 35. Nxf5 bxa3 36. Nh6+ Kh8 1-0

[Event "Regionalliga SO 0607"]
[Site "Bayern"]
[Date "2007.02.04"]
[Round "5.2"]
[White "Taeger, Winfried"]
[Black "Scheipl, Ralf"]
[Result "1-0"]
[WhiteElo "2262"]
[BlackElo "2192"]
[PlyCount "51"]
[EventDate "2006.10.15"]
[EventType "team-tourn"]
[EventRounds "9"]
[EventCountry "GER"]
[SourceTitle "EXT 2008"]
[Source "ChessBase"]
[SourceDate "2007.11.25"]
[SourceVersion "1"]
[SourceVersionDate "2007.11.25"]
[SourceQuality "1"]
[WhiteTeam "Tegernsee II"]
[BlackTeam "Straubing"]
[WhiteTeamCountry "GER"]
[BlackTeamCountry "GER"]

1. Nf3 Nf6 2. g3 g6 3. Bg2 Bg7 4. 0-0 0-0 5. d4 d6 6. c4 Nc6 7. Nc3 Bg4 8. h3 Bxf3 9. Bxf3 Nd7 10. Bg2 Nxd4 11. Bxb7 Rb8 12. Bg2 Nb6 13. Qd3 Qd7 14. e3 Ne6 15. b3 Nc5 16. Qc2 a5 17. Bd2 a4 18. Rab1 axb3 19. axb3 c6 20. Rfd1 Na6 21. Ne2 e5 22. Ba5 Nc8 23. b4 Ne7 24. Qd3 Nf5 25. c5 Nc7 26. g4 1-0

[Event "Regionalliga SO 0506"]
[Site "Bayern"]
[Date "2006.03.12"]
[Round "8.2"]
[White "Taeger, Winfried"]
[Black "Wittmann, Matthias"]
[Result "1-0"]
[WhiteElo "2257"]
[BlackElo "2156"]
[PlyCount "63"]
[EventDate "2005.10.23"]
[EventType "team-tourn"]
[EventRounds "9"]
[EventCountry "GER"]
[SourceTitle "EXT 2007"]
[Source "ChessBase"]
[SourceDate "2006.11.23"]
[SourceVersion "1"]
[SourceVersionDate "2006.11.23"]
[SourceQuality "1"]
[WhiteTeam "Tegernsee TV II"]
[BlackTeam "Pang/Rosenheim II"]
[WhiteTeamCountry "GER"]
[BlackTeamCountry "GER"]

1. e4 c5 2. Nf3 Nc6 3. Nc3 g6 4. Bb5 Nd4 5. 0-0 Bg7 6. d3 Nxb5 7. Nxb5 Nf6 8. e5 Nd5 9. Bg5 0-0 10. Qd2 a6 11. c4 axb5 12. cxd5 d6 13. e6 fxe6 14. dxe6 Bxe6 15. Rfe1 Qd7 16. Re4 Bd5 17. Rxe7 Qg4 18. Rxg7+ Kxg7 19. Bh6+ Kg8 20. h3 Qd7 21. Bxf8 Bxf3 22. Bh6 Bd5 23. Qg5 Be6 24. Re1 Re8 25. Re3 Qe7 26. Qg3 Qd8 27. Qf4 b4 28. h4 Bf5 29. Qc4+ d5 30. Rxe8+ Qxe8 31. Qxd5+ Kh8 32. Qd6 1-0

[Event "Regionalliga SO 0506"]
[Site "Bayern"]
[Date "2005.12.11"]
[Round "4.2"]
[White "Terzic, Safet"]
[Black "Taeger, Winfried"]
[Result "1/2-1/2"]
[WhiteElo "2208"]
[BlackElo "2257"]
[PlyCount "35"]
[EventDate "2005.10.23"]
[EventType "team-tourn"]
[EventRounds "9"]
[EventCountry "GER"]
[SourceTitle "EXT 2007"]
[Source "ChessBase"]
[SourceDate "2006.11.23"]
[SourceVersion "1"]
[SourceVersionDate "2006.11.23"]
[SourceQuality "1"]
[WhiteTeam "Starnberg SC"]
[BlackTeam "Tegernsee TV II"]
[WhiteTeamCountry "GER"]
[BlackTeamCountry "GER"]

1. d4 Nf6 2. c4 e6 3. Nf3 b6 4. g3 Bb7 5. Bg2 Be7 6. Nc3 Ne4 7. Qc2 Nxc3 8. bxc3 f5 9. a4 Be4 10. Qa2 Nc6 11. 0-0 0-0 12. Rd1 Qc8 13. Bf4 Na5 14. h4 d6 15. Bf1 h6 16. Nd2 Bb7 17. Be3 c5 18. f4 1/2-1/2

[Event "Regionalliga SO 0506"]
[Site "Bayern"]
[Date "2005.11.27"]
[Round "3.2"]
[White "Holzer, Richard"]
[Black "Taeger, Winfried"]
[Result "0-1"]
[WhiteElo "2176"]
[BlackElo "2257"]
[PlyCount "138"]
[EventDate "2005.10.23"]
[EventType "team-tourn"]
[EventRounds "9"]
[EventCountry "GER"]
[SourceTitle "EXT 2007"]
[Source "ChessBase"]
[SourceDate "2006.11.23"]
[SourceVersion "1"]
[SourceVersionDate "2006.11.23"]
[SourceQuality "1"]
[WhiteTeam "Passau II"]
[BlackTeam "Tegernsee TV II"]
[WhiteTeamCountry "GER"]
[BlackTeamCountry "GER"]

1. e4 e5 2. Nf3 Nf6 3. Nxe5 d6 4. Nxf7 Kxf7 5. d4 c6 6. Nc3 Be7 7. Bc4+ Be6 8. Bxe6+ Kxe6 9. g4 h6 10. Be3 Qa5 11. Qf3 Nbd7 12. h4 Nb6 13. e5 dxe5 14. dxe5 Qxe5 15. 0-0-0 Kf7 16. Rhe1 Qa5 17. g5 Rhd8 18. gxf6 Bxf6 19. Bd4 Rd6 20. Bxf6 Rxf6 21. Qe2 Kg8 22. Kb1 Raf8 23. Qe7 R6f7 24. Qe6 Kh7 25. Ne4 Rd7 26. Rc1 Qd5 27. Qg4 Qf5 28. Qg2 Nc4 29. Re2 Qf3 30. Qxf3 Rxf3 31. b3 Nb6 32. Rh1 Nd5 33. Kb2 b6 34. Nd2 Rf4 35. Nc4 Rdf7 36. Re6 R7f6 37. Rxf6 Rxf6 38. Rh2 c5 39. Ne5 Re6 40. Nd3 Re2 41. Rh3 Re4 42. Kc1 c4 43. Nb2 c3 44. Nd1 Re1 45. a3 Rf1 46. Rd3 Nf4 47. Rd7 Nh3 48. Rf7 Kg6 49. Rf3 Ng1 50. Rd3 Kh5 51. Kb1 Kxh4 52. Ka2 Ne2 53. Rd7 g5 54. b4 g4 55. Kb3 Kg5 56. a4 h5 57. a5 bxa5 58. bxa5 h4 59. Ne3 Rxf2 60. Rg7+ Kf4 61. Nxg4 Rg2 62. Rxa7 Rxg4 63. Re7 Kf3 64. Rf7+ Nf4 65. Kxc3 h3 66. Rh7 Kg2 67. Kc4 Nh5+ 68. Kb3 Nf6 69. Rh6 h2 0-1

[Event "Regionalliga SO 0506"]
[Site "Bayern"]
[Date "2005.10.23"]
[Round "1.2"]
[White "Taeger, Winfried"]
[Black "Bayer, Bernhard"]
[Result "1/2-1/2"]
[WhiteElo "2234"]
[BlackElo "2318"]
[PlyCount "91"]
[EventDate "2005.10.23"]
[EventType "team-tourn"]
[EventRounds "9"]
[EventCountry "GER"]
[SourceTitle "EXT 2007"]
[Source "ChessBase"]
[SourceDate "2006.11.23"]
[SourceVersion "1"]
[SourceVersionDate "2006.11.23"]
[SourceQuality "1"]
[WhiteTeam "Tegernsee TV II"]
[BlackTeam "Weilheim"]
[WhiteTeamCountry "GER"]
[BlackTeamCountry "GER"]

1. e4 e5 2. Nf3 Nc6 3. Bb5 a6 4. Ba4 Nf6 5. Nc3 b5 6. Bb3 Bc5 7. Nxe5 Nxe5 8. d4 Bxd4 9. Qxd4 d6 10. Qd1 0-0 11. f3 c5 12. Bd5 Nxd5 13. Nxd5 f5 14. exf5 Bxf5 15. 0-0 Ra7 16. b3 Raf7 17. Bb2 Be4 18. f4 Ng6 19. g3 Rf5 20. Nc3 Bb7 21. Qd2 b4 22. Nd1 Qd7 23. Ne3 Qc6 24. Qg2 Qxg2+ 25. Nxg2 Re8 26. Rfe1 Rxe1+ 27. Rxe1 Kf8 28. Ne3 Rf7 29. Nc4 Rd7 30. Re6 d5 31. Nd6 Ne7 32. Be5 Bc6 33. Nf5 Nxf5 34. Rxc6 d4 35. Rxc5 d3 36. cxd3 Rxd3 37. Rc2 Ne3 38. Rc8+ Ke7 39. Kf2 Ng4+ 40. Ke2 Nxe5 41. fxe5 Rd5 42. Rc7+ Kf8 43. e6 Re5+ 44. Kf3 Rxe6 45. Rb7 Rf6+ 46. Ke3 1/2-1/2

[Event "Regionalliga SO 0405"]
[Site "Bayern"]
[Date "2004.12.12"]
[Round "4.2"]
[White "Taeger, Winfried"]
[Black "Knechtel, Roland"]
[Result "1-0"]
[WhiteElo "2250"]
[BlackElo "2253"]
[PlyCount "59"]
[EventDate "2004.10.24"]
[EventType "team-tourn"]
[EventRounds "9"]
[EventCountry "GER"]
[SourceTitle "EXT 2007"]
[Source "ChessBase"]
[SourceDate "2006.11.23"]
[SourceVersion "1"]
[SourceVersionDate "2006.11.23"]
[SourceQuality "1"]
[WhiteTeam "Tegernsee II"]
[BlackTeam "Bayerwald"]
[WhiteTeamCountry "GER"]
[BlackTeamCountry "GER"]

1. e4 c5 2. b4 cxb4 3. d4 d5 4. e5 Nc6 5. a3 Bf5 6. axb4 Nxb4 7. Na3 e6 8. c3 Nc6 9. Bd3 Bxd3 10. Qxd3 a6 11. Ne2 Nge7 12. h4 b5 13. Nc2 Nc8 14. h5 Nb6 15. 0-0 Nc4 16. Qh3 b4 17. cxb4 Nxb4 18. Nxb4 Bxb4 19. f4 f5 20. exf6 Qxf6 21. Qb3 Bd6 22. Qa4+ Kf7 23. f5 e5 24. Qc6 Rhc8 25. Qxd5+ Kf8 26. h6 gxh6 27. Ng3 exd4 28. Ne4 Qf7 29. Bxh6+ Kg8 30. Nf6+ 1-0

[Event "Landesliga Sued 0304"]
[Site "Bayern"]
[Date "2004.03.28"]
[Round "8.4"]
[White "Taeger, Winfried"]
[Black "Wagner, Hans2222"]
[Result "1/2-1/2"]
[WhiteElo "2244"]
[BlackElo "2161"]
[PlyCount "66"]
[EventDate "2003.10.12"]
[EventType "team-tourn"]
[EventRounds "9"]
[EventCountry "GER"]
[SourceTitle "EXT 2006"]
[Source "ChessBase"]
[SourceDate "2005.11.24"]
[SourceVersion "1"]
[SourceVersionDate "2005.11.24"]
[SourceQuality "1"]
[WhiteTeam "Tegernsee II"]
[BlackTeam "Pfarrkirchen SC"]
[WhiteTeamCountry "GER"]
[BlackTeamCountry "GER"]

1. e4 c5 2. Nf3 Nc6 3. Bb5 e6 4. 0-0 Nge7 5. d4 cxd4 6. c3 a6 7. Bxc6 bxc6 8. cxd4 Ng6 9. Nc3 Be7 10. Be3 0-0 11. e5 f6 12. exf6 Bxf6 13. Ne4 a5 14. Rc1 Rb8 15. Qd2 Rb5 16. Rc5 Be7 17. Rxb5 cxb5 18. Ne5 Nxe5 19. dxe5 Bb7 20. Nd6 Bc6 21. f4 Bxd6 22. exd6 Rf5 23. Bd4 Rd5 24. Qe3 Qh4 25. h3 Qh6 26. Be5 Qg6 27. Rf2 h5 28. Rd2 Rxd2 29. Qxd2 Qe4 30. h4 Qd5 31. Qxd5 Bxd5 32. a3 b4 33. axb4 axb4 1/2-1/2

[Event "Landesliga Sued 0304"]
[Site "Bayern"]
[Date "2004.02.15"]
[Round "6.5"]
[White "Schuette, Manfred"]
[Black "Taeger, Winfried"]
[Result "1/2-1/2"]
[WhiteElo "2193"]
[BlackElo "2244"]
[PlyCount "79"]
[EventDate "2003.10.12"]
[EventType "team-tourn"]
[EventRounds "9"]
[EventCountry "GER"]
[SourceTitle "EXT 2006"]
[Source "ChessBase"]
[SourceDate "2005.11.24"]
[SourceVersion "1"]
[SourceVersionDate "2005.11.24"]
[SourceQuality "1"]
[WhiteTeam "Bayern Muenchen II"]
[BlackTeam "Tegernsee II"]
[WhiteTeamCountry "GER"]
[BlackTeamCountry "GER"]

1. c4 Nc6 2. Nc3 e5 3. Nf3 f5 4. d3 Nf6 5. g3 Bc5 6. Bg2 d6 7. 0-0 a6 8. Nd5 Nxd5 9. cxd5 Nd4 10. Nxd4 Bxd4 11. e3 Bb6 12. Qh5+ g6 13. Qh6 Kf7 14. Bd2 Qf8 15. Qh4 Qe7 16. Qc4 Bd7 17. a4 h5 18. e4 h4 19. a5 Bb5 20. Qc2 Bd4 21. Be3 hxg3 22. Bxd4 gxh2+ 23. Kh1 exd4 24. exf5 gxf5 25. Rae1 Qd8 26. Re6 Bd7 27. Re2 Rc8 28. Rfe1 Qf6 29. f4 Qh4 30. Qc4 Rhe8 31. Qxd4 Qxe1+ 32. Rxe1 Rxe1+ 33. Kxh2 Re2 34. Kh3 Rce8 35. Bf3 R8e3 36. Kg3 c5 37. Qh8 Rxd3 38. Qh7+ Ke8 39. Qg8+ Ke7 40. Qg5+ 1/2-1/2

[Event "Landesliga Sued 0304"]
[Site "Bayern"]
[Date "2004.01.18"]
[Round "5.4"]
[White "Fauth, Dietmar"]
[Black "Taeger, Winfried"]
[Result "0-1"]
[WhiteElo "2160"]
[BlackElo "2244"]
[PlyCount "114"]
[EventDate "2003.10.12"]
[EventType "team-tourn"]
[EventRounds "9"]
[EventCountry "GER"]
[SourceTitle "EXT 2006"]
[Source "ChessBase"]
[SourceDate "2005.11.24"]
[SourceVersion "1"]
[SourceVersionDate "2005.11.24"]
[SourceQuality "1"]
[WhiteTeam "Muenchen Siemens"]
[BlackTeam "Tegernsee II"]
[WhiteTeamCountry "GER"]
[BlackTeamCountry "GER"]

1. e4 Nc6 2. d4 d5 3. e5 Bf5 4. c3 e6 5. Ne2 Nge7 6. Ng3 Bg6 7. Bd3 Qd7 8. h4 0-0-0 9. h5 Bxd3 10. Qxd3 f6 11. f4 Kb8 12. Nd2 Nc8 13. b4 a5 14. b5 N6a7 15. Rb1 Nb6 16. 0-0 Be7 17. Nb3 Qxb5 18. Qxb5 Nxb5 19. Nxa5 Nxc3 20. Rb3 Nca4 21. Ba3 Bxa3 22. Rxa3 Nb2 23. exf6 gxf6 24. Re3 Rd6 25. Nb3 N2c4 26. Re2 Rg8 27. Kh2 Nd7 28. Rfe1 e5 29. fxe5 fxe5 30. dxe5 Re6 31. Nd4 Rxe5 32. Nf3 Rxe2 33. Rxe2 Nd6 34. Re7 Nf6 35. Re6 Ng4+ 36. Kh3 Nf2+ 37. Kh2 Re8 38. Rxe8+ Nxe8 39. Nf5 Nf6 40. Kg3 N2g4 41. Ng5 Ne5 42. h6 c5 43. Ne6 b6 44. Kf4 Ng6+ 45. Kg5 Ne4+ 46. Kg4 Kc8 47. Nf4 Ne5+ 48. Kh5 d4 49. g4 Nf6+ 50. Kg5 Nfxg4 51. Nd5 Kb7 52. Nf6 Nxf6 53. Kxf6 Ng4+ 54. Kg7 d3 55. Nd6+ Kc6 56. Ne4 Kd5 57. Nc3+ Kd4 0-1

[Event "Landesliga Sued 0304"]
[Site "Bayern"]
[Date "2003.12.14"]
[Round "4.4"]
[White "Taeger, Winfried"]
[Black "Stoer, Andreas"]
[Result "0-1"]
[WhiteElo "2244"]
[BlackElo "2150"]
[PlyCount "70"]
[EventDate "2003.10.12"]
[EventType "team-tourn"]
[EventRounds "9"]
[EventCountry "GER"]
[SourceTitle "EXT 2006"]
[Source "ChessBase"]
[SourceDate "2005.11.24"]
[SourceVersion "1"]
[SourceVersionDate "2005.11.24"]
[SourceQuality "1"]
[WhiteTeam "Tegernsee II"]
[BlackTeam "Kriegshaber"]
[WhiteTeamCountry "GER"]
[BlackTeamCountry "GER"]

1. d4 d5 2. Nf3 e6 3. c4 c6 4. Nc3 Nf6 5. e3 Nbd7 6. Qc2 Bd6 7. Bd2 0-0 8. e4 Nxe4 9. Nxe4 dxe4 10. Qxe4 e5 11. 0-0-0 f5 12. Qc2 e4 13. Ng5 Nf6 14. c5 Be7 15. Bc4+ Nd5 16. h4 b5 17. cxb6 axb6 18. f3 Kh8 19. fxe4 fxe4 20. Rdf1 Bf5 21. Rxf5 Rxf5 22. Qxe4 Bxg5 23. Qxf5 Bxd2+ 24. Kxd2 Ra4 25. Rc1 Nf6 26. Bd3 g6 27. Qf3 c5 28. Rf1 Kg7 29. g4 Rxd4 30. g5 Ng4 31. Kc3 Ne5 32. Qf6+ Qxf6 33. gxf6+ Kf7 34. Bc2 Rxh4 35. Rd1 Rh3+ 0-1